Statistics for FIFA 17 Premier League Top 10 Right Wingers

Click here to take the quiz!

General Stats

  • This quiz has been taken 101 times
  • The average score is 4 of 10

Answer Stats

RankPlayerOVA% Correct
3Willian85
72%
7Theo Walcott81
61%
1Riyad Mahrez85
54%
8Sadio Mané80
51%
2Henrikh Mkhitaryan85
49%
6Erik Lamela81
46%
4Xherdan Shaqiri82
32%
5Gerard Deulofeu81
18%
10Moussa Sissoko80
17%
9Sofiane Feghouli80
14%

Score Distribution

Percentile by Number Answered

Percent of People with Each Score

Your Score History

You have not taken this quiz